书目信息 |
| 题名: |
会所设计
|
|
| 作者: | 刘光亚 , 鲁岗 主编 | |
| 分册: | 1 | |
| 出版信息: | 北京 中国建筑工业出版社 2006.08 |
|
| 页数: | 120页 | |
| 开本: | 25×26cm | |
| 丛书名: | 新建筑设计丛书 | |
| 单 册: | ||
| 中图分类: | TU242.1-64 | |
| 科图分类: | ||
| 主题词: | 会堂--hui tang--建筑设计--中国--图集 , 展览馆--zhan lan guan--建筑设计--中国--图集 | |
| 电子资源: | ||
| ISBN: | 7-112-08359-1 | |
| 000 | 00940nam 2200265 450 | |
| 001 | 012007359006 | |
| 005 | 20071008100414.59 | |
| 010 | @a7-112-08359-1@dCNY90.00 | |
| 100 | @a20070727d2006 km y0chiy0120 ea | |
| 101 | 0 | @achi |
| 102 | @aCN@b110000 | |
| 105 | @aa z 000yy | |
| 200 | 1 | @a会所设计@Ahui suo she ji@h1@f刘光亚, 鲁岗主编@Fliu guang ya,lu gang zhu bian |
| 210 | @a北京@c中国建筑工业出版社@d2006.08 | |
| 215 | @a120页@c图@d25×26cm | |
| 225 | 2 | @a新建筑设计丛书@Axin jian zhu she ji cong shu |
| 330 | @a本书集聚了近年来北京、天津等地会所的精选案例。包括:天津东丽湖邻里中心、左右间咖啡、北京贝迪克阿根廷烤肉等。 | |
| 410 | 0 | @12001 @a新建筑设计丛书 |
| 606 | 0 | @a会堂@Ahui tang@x建筑设计@y中国@j图集 |
| 606 | 0 | @a展览馆@Azhan lan guan@x建筑设计@y中国@j图集 |
| 690 | @aTU242.1-64@v4 | |
| 701 | 0 | @a刘光亚@Aliu guang ya@4主编 |
| 701 | 0 | @a鲁岗@Alu gang@4主编 |
| 801 | 0 | @aCN@c20071008 |
| 905 | @dTU242.1-64@eL618:1 | |
| 会所设计.1/刘光亚, 鲁岗主编.-北京:中国建筑工业出版社,2006.08 |
| 120页:图;25×26cm.-(新建筑设计丛书) |
| ISBN 7-112-08359-1:CNY90.00 |
| 本书集聚了近年来北京、天津等地会所的精选案例。包括:天津东丽湖邻里中心、左右间咖啡、北京贝迪克阿根廷烤肉等。 |
| ● |
| 相关链接 |
|
|
|
正题名:会所设计
索取号:TU242.1-64/L618:1
 
预约/预借
| 序号 | 登录号 | 条形码 | 馆藏地/架位号 | 状态 | 备注 |
| 1 | 249645 | 202496450 | 建筑库101/101建筑库 67排2列4层/ [索取号:TU242.1-64/L618:1] | 在馆 |